| 000 | 00780cab a2200289 4500 | ||
|---|---|---|---|
| 001 | WB2738-43 | ||
| 008 | 090401t1991 xxu||||| |||| 00| 0 eng d | ||
| 035 | _a(Sirsi) u1748 | ||
| 041 | _aeng | ||
| 245 | _aJLW wins instructions in Eastern Europe | ||
| 260 | _c1991 | ||
| 350 | _a0 | ||
| 490 |
_aEstates Times _v(1113) 27 September 1991, 8(1) |
||
| 520 | _aJones Lang Wootton has picked up three more letting instructions in Eastern Europe and is to open an office in Czechoslovakia. | ||
| 650 | _aBERLIN | ||
| 650 | _aBUDAPEST | ||
| 650 | _aCZECHOSLOVAKIA | ||
| 650 | _aEASTERN EUROPE | ||
| 650 | _aGERMANY | ||
| 650 | _aHUNGARY | ||
| 650 | _aMOSCOW | ||
| 650 | _aRUSSIA | ||
| 650 | _aUSSR | ||
| 690 | _aOVERSEAS-EUROPE | ||
| 942 | _n0 | ||
| 948 | _c04/03/1997 | ||
| 999 |
_c1004 _d1004 |
||